Statistics for Korean Drama Couple : Drama Title

Click here to take the quiz!

General Stats

  • This quiz has been taken 223 times
  • The average score is 5 of 16

Answer Stats

Answer% Correct
Hotel Del Luna
83%
My ID is Gangnam Beauty
65%
Happiness
62%
Suspicious Partner
57%
Shooting Stars
51%
The King : Eternal Monarch
43%
She Was Pretty
34%
Oh My Venus
33%
Healer
31%
Doctor John
24%
Memories Of The Alhambra
19%
Crazy Love
16%
Come and Hug Me
12%
The Great Seducer
10%
Autumn In My Heart
6%
Itaewoon Class
4%

Score Distribution

Percentile by Number Answered

Percent of People with Each Score

Your Score History

You have not taken this quiz